Rozpoznaj kluby po niestandardowych podpowiedziach #2 - Statystyki

Ogólne statystyki
  • Ten quiz został rozwiązany 84 razy
  • Średni wynik to 4 z 11
Statystyki odpowiedzi
Liga Ostatni sezon, w którym zdobyli mistrza kraju Grał w Lidze Mistrzów sezonu 2016/17 Miejsce w lidze, na którym zakończyli sezon 2020/21 Klub % Poprawnych
Serie A 2020/21 Nie 1 Inter Mediolan
100%
Premier League 2003/04 Tak 8 Arsenal
63%
Eredivisie 2017/18 Tak 2 PSV Eindhoven
57%
Liga Portugal Bwin 2019/20 Tak 2 FC Porto
55%
Ligue 1 2020/21 Nie 1 LOSC Lille
45%
Ekstraklasa Nigdy Nie 12 Wisła Płock
25%
Allsvenskan 2005 Nie 2 AIK
15%
LaLiga 1945/46 Tak 4 Sevila
11%
EFL Championship 1897/98 Nie 20 (spadli z Premier League) Sheffield United
11%
Superligaen 2020/21 Nie 1 Brøndby
9%
Jupiler Pro League 1956/57 Nie 2 Royal Antwerpia
5%
Nie znaleziono quizów pasujących do podanych kryteriów
Rozkład punktacji
Procent ludzi z każdym wynikiem
Percentyl według liczby udzielonych odpowiedzi
Twoja historia wyników
Nie rozwiązałeś tego quizu